LEADER 01017nam a2200241 u 4500 001 000000115347 003 CaOOAMICUS 005 20090420111929.0 008 090420s2008 it u000 u ita r 040 $aPUL$bita$dLDB$dLDA 100 1 $aZini, Paolo,$cS.DB.,$d1966-$0(OLS)http://pul/name/70199 245 10$aLibertā e compimento :$bsaggio di filosofia della religione /$cPaolo Zini. 260 $aMilano :$bGlossa,$cc2008. 300 $axi, 487 p. ;$c21 cm 490 1 $aQuodlibet ;$v20 502 $aDiss.(Doct.), S.Theologia-Facoltā Teologica dell'Italia Settentrionale, 2008. 504 $aBibliografia : p. 465-487. 830 0$aQuodlibet (Glossa) ;$v20.$0(OLS)http://pul/title/57327 850 $aPUL 852 $aPUL$W1$xDP1 Tesi Fac It.Settentrionale$y34$m2008 B 1$j128371$qTesi$B131081$CPULBib$Z2$F131081 $82 941 1 $a16 996 $6245$aLibertā e compimento :$bsaggio di filosofia della religione$9(OLS)http://pul/title/143013 996 $6260$aMilano :$bGlossa$9(OLS)http://pul/publisher/53656 LEADER 01154nam a2200265 a 4500 001 000000160550 003 CaOOAMICUS 005 20170509162325.0 008 170509s1970 ph m 001 u eng r 032 $aLibriCat 040 $aPUL$bita 100 1 $aSevilla, Pedro C.$0(OLS)http://pul/name/102724 245 10$aGod as person in the writings of Martin Buber / $cPedro C. Sevilla . 260 $aManila :$b[s.n.],$c1970. 300 $a170 p. ;$c24 cm. 502 $aEstratto di Tesi-- Pontificia Universitā Gregoriana. Facultas Theologiae.1967. 504 $aBibliografia in nota a pič pagina. 600 14$aBuber, Martin,$d1878-1965.$0(OLS)http://pul/subject/15918 710 2 $aPontificia Universitā Gregoriana.$bFacoltā di teologia.$kTesi.$0(OLS)http://pul/name/81592 850 $aPUL 852 $aPUL$W1$xDP1 Tesi Pon. Univ. Gregoriana$y40$mTH PUG 2112$j184230$qTesi$B187434$CPULBib$Z2$F187434 $H33601 $82 941 1 $a16 996 $6245$aGod as person in the writings of Martin Buber / $9(OLS)http://pul/title/200221 996 $6260$aManila :$b[s.n.]$9(OLS)http://pul/publisher/85089